000 00402pab a2200169 454500
008 180718b1996 xxu||||| |||| 00| 0 eng d
245 _aEQUAL laws for women (a special feature)
260 _c1996
300 _ap.37-38
362 _aMay
650 _aWomen - India
650 _aMuslim women - India
650 _aCivil law - India
650 _aCivil law
773 _aSeminar
909 _a31504
999 _c31504
_d31504